| 000 | 00882nam a22002775a 4500 | ||
|---|---|---|---|
| 999 |
_c21918 _d21890 |
||
| 003 | EG-ScBUE | ||
| 005 | 20210130120720.0 | ||
| 008 | 160619s2012 enk f 000 0 eng d | ||
| 020 | _a9781444760750 | ||
| 040 |
_aEG-ScBUE _beng _erda _cEG-ScBUE _dEG-ScBUE |
||
| 082 | 0 | 4 |
_a813.6 _bGEO _222 |
| 100 | 1 |
_aGeorge, Elizabeth, _d1949- _eauthor. _940244 |
|
| 245 | 1 | 4 |
_aThe edge of nowhere / _cElizabeth George. |
| 264 | 1 |
_aLondon : _bHodder & Stoughton Ltd, _c2012. |
|
| 300 |
_a296 pages ; _c23 cm |
||
| 336 |
_2rdacontent _atext _btxt |
||
| 337 |
_2rdamedia _aunmediated _bn |
||
| 338 |
_2rdacarrier _avolume _bnc |
||
| 650 | 7 |
_2BUEsh _aWhidbey Island (Wash.) _vFiction. _940247 |
|
| 650 | 7 |
_aPsychic ability _vFiction. _2BUEsh _940248 |
|
| 650 | 7 |
_aSecrecy _vFiction. _2BUEsh _940249 |
|
| 651 | _2BUEsh | ||
| 653 |
_cJune2016 _bHHUUEENN |
||
| 655 |
_vReading book _934232 |
||
| 942 |
_2ddc _cBB |
||